[Event "Bogota rapid op"]
[Site "Bogota"]
[Date "2024.09.01"]
[Round "7"]
[White "Ojeda Castillo, Juan Esteban"]
[Black "Hidalgo, Genaro"]
[Result "1-0"]
[WhiteElo "1806"]
[BlackElo "1787"]
[PlyCount "107"]
[EventDate "2024.09.01"]
[EventType "swiss (rapid)"]
[EventRounds "7"]
[EventCountry "COL"]
[SourceTitle "EXT 2025"]
[Source "ChessBase"]
[SourceDate "2024.10.14"]
[SourceVersion "1"]
[SourceVersionDate "2024.10.14"]
[SourceQuality "1"]

1. d4 Nf6 2. Nf3 g6 3. e3 Bg7 4. Bd3 d6 5. 0-0 0-0 6. c3 Bg4 7. h3 Bxf3 8. Qxf3 c6 9. Nd2 e5 10. e4 Nbd7 11. Re1 Re8 12. Nf1 Qb6 13. d5 cxd5 14. exd5 Rac8 15. Ng3 Qa5 16. Be4 Nxe4 17. Qxe4 Nf6 18. Qc2 Qxd5 19. Be3 b6 20. Rad1 Qc6 21. f4 e4 22. f5 d5 23. fxg6 fxg6 24. Ne2 Nd7 25. Nd4 Qc4 26. a3 Ne5 27. Rf1 Nd3 28. Qe2 a6 29. Rd2 b5 30. Qg4 Rf8 31. Rxf8+ Rxf8 32. Ne6 Rf5 33. Nxg7 Kxg7 34. Qh4 Qc7 35. Qh6+ Kg8 36. g4 Qg3+ 37. Rg2 Qe1+ 38. Kh2 Rf1 39. Rg1 Ne5 40. Rxf1 Qxf1 41. Qf4 Nf3+ 42. Kg3 Qh1 43. Qb8+ Kf7 44. Qb7+ Ke6 45. Qxa6+ Kf7 46. Qb7+ Ke6 47. Qc6+ Kf7 48. Qxd5+ Kg7 49. Qd7+ Kf6 50. g5+ Nxg5 51. Qd8+ Kg7 52. Qe7+ Nf7 53. Bd4+ Kh6 54. Qh4# 1-0